00297nam a2200109Ia 4500008004100000041000800041100002700049245004300076260002100119700002800140999001900168241105s9999 xx 000 0 und d aeng aKudale Pranjal9184173 aConstruction Training Institute, Pune. bBNCA, Punec2018 aPatwardhan Ravi9208783 c361553d361553